Социально-психологические проблемы ментальности / менталитета. Вып. 16: XVI Международная научная конференция (Запись № 13154037)

Подробности
000 -МАРКЕР
контрольное поле 01942nam2a2200325 4500
001 - ИДЕНТИФИКАТОР ЗАПИСИ
контрольное поле RU\NLR\BIBL_A\016361840
005 - ИДЕНТИФИКАТОР ВЕРСИИ
контрольное поле 20250625054556.0
010 ## - МЕЖДУНАРОДНЫЙ СТАНДАРТНЫЙ НОМЕР КНИГИ (ISBN)
Номер (ISBN) 978-5-88018-646-4
Тираж 500
035 ## - ДРУГИЕ СИСТЕМНЫЕ НОМЕРА
Идентификатор записи (NLR Aleph) 016361840
100 ## - ДАННЫЕ ОБЩЕЙ ОБРАБОТКИ
Данные общей обработки 20230504d2020 |||y0rusy50 ca
101 0# - ЯЗЫК РЕСУРСА
Язык текста, звукозаписи и т.д. русский
Язык резюме английский
102 ## - СТРАНА ПУБЛИКАЦИИ ИЛИ ПРОИЗВОДСТВА
Страна публикации Российская Федерация
105 ## - ПОЛЕ КОДИРОВАННЫХ ДАННЫХ: ТЕКСТОВЫЕ МАТЕРИАЛЫ, МОНОГРАФИЧЕСКИЕ
Кодированные данные о монографическом текстовом документе ac z 000yy
200 1# - ЗАГЛАВИЕ И СВЕДЕНИЯ ОБ ОТВЕТСТВЕННОСТИ
Основное заглавие XVI Международная научная конференция
Первые сведения об ответственности [ред.кол.: К.Е. Кузьмина, к.психол.н., доц. (отв.ред.) и др.]
210 ## - ПУБЛИКАЦИЯ, РАСПРОСТРАНЕНИЕ И ДР.
Дата издания, распространения и т.д. 2020
Место издания, распространения и т.д. Б. м.
215 ## - ФИЗИЧЕСКАЯ ХАРАКТЕРИСТИКА
Специфическое обозначение материала и объем 186 с.
Другие сведения о физической характеристике ил., портр.
Размеры 21
300 ## - ОБЩИЕ ПРИМЕЧАНИЯ
Текст примечания Рез. на англ. яз.
320 ## - ПРИМЕЧАНИЯ О НАЛИЧИИ В ДОКУМЕНТЕ БИБЛИОГРАФИИ / УКАЗАТЕЛЯ
Текст примечания Библиогр. в конце ст.
461 #0 - УРОВЕНЬ НАБОРА
Встроенное поле 001RU\NLR\BIBL_A\012872528
-- 2001#$aСоциально-психологические проблемы ментальности / менталитета$eсборник научных статей$fСмол. гос. ун-т$vВып. 16
Системный номер (АБИС) связанной записи 12493755
Место публикации Смоленск
Дата публикации 2020 -
Первые сведения об ответственности Смол. гос. ун-т
Имя издателя, распространителя и т.д. Изд-во Смоленского государственного университета
Сведения, относящиеся к заглавию сборник научных статей
Заглавие Социально-психологические проблемы ментальности / менталитета
Номер тома Вып. 16
606 1# - НАИМЕНОВАНИЕ ТЕМЫ КАК ПРЕДМЕТ
Наименование темы Менталитет
Формальный подзаголовок Сборники
Системный номер авторитетной/нормативной записи 1594524
Идентификатор авторитетной/нормативной записи RU\NLR\AUTH\66701161
686 1# - ИНДЕКСЫ ДРУГИХ КЛАССИФИКАЦИЙ
Индекс С550.65я43
686 1# - ИНДЕКСЫ ДРУГИХ КЛАССИФИКАЦИЙ
Индекс Ю932.2-953.6я43
702 #1 - ИМЯ ЛИЦА - ВТОРИЧНАЯ ОТВЕТСТВЕННОСТЬ
Начальный элемент ввода Кузьмина
Часть имени, кроме начального элемента ввода К. Е.
Дополнения к именам, кроме дат канд. психол. наук
Расширение инициалов личного имени Ксения Егоровна
Системный номер авторитетной/нормативной записи 170193
Идентификатор авторитетной/нормативной записи RU\NLR\AUTH\770170243
711 12 - НАИМЕНОВАНИЕ ОРГАНИЗАЦИИ - АЛЬТЕРНАТИВНАЯ ОТВЕТСТВЕННОСТЬ
Начальный элемент ввода "Социально-психологические проблемы ментальности / менталитета", международная научная конференция
Порядковый номер временной организации и / или порядковый номер ее части 16
Место проведения временной организации Смоленск
Дата проведения временной организации 2020
Системный номер авторитетной/нормативной записи 846902
Идентификатор авторитетной/нормативной записи RU\NLR\AUTH\880590634
852 ## - МЕСТОНАХОЖДЕНИЕ И ШИФР ХРАНЕНИЯ
Идентификатор организации NLR
Шифр хранения (Call Number) П22/10222
942 ## - ДОПОЛНИТЕЛЬНЫЕ ЭЛЕМЕНТЫ ЗАПИСИ (АБИС)
Тип экземпляра АБИС Выпуск
980 ## - КОЛЛЕКЦИЯ
Название коллекции Национальная библиография
980 ## - КОЛЛЕКЦИЯ
Название коллекции Русская периодика

Нет доступных экземпляров.